Dictionary of international biography: a biographical record of contemporary achivement (Record no. 557)
[ view plain ]
| 000 -LEADER | |
|---|---|
| fixed length control field | 00631nam a2200181Ia 4500 |
| 020 ## - INTERNATIONAL STANDARD BOOK NUMBER | |
| ISBN | 0 900332 79 4 |
| 082 ## - DEWEY DECIMAL CLASSIFICATION NUMBER | |
| Classification number | RR 920.0203 DIC; |
| 245 #0 - TITLE STATEMENT | |
| Title | Dictionary of international biography: a biographical record of contemporary achivement |
| 260 ## - PUBLICATION, DISTRIBUTION, ETC. (IMPRINT) | |
| Place of publication | Cambridge |
| Name of publisher | International Biographical Centre |
| Year of publication | 1984 |
| 300 ## - PHYSICAL DESCRIPTION | |
| Number of Pages | lxxxiv, 781p. |
| 500 ## - GENERAL NOTE | |
| General note | Contents: Vol.18.(0 900332 79 4)(lxxxiv, 781p.) - v.19.(1985)(0-900332 75 1)(photographs) |
| 504 ## - BIBLIOGRAPHY, ETC. NOTE | |
| Bibliography, etc | ref. book |
| 650 ## - SUBJECT ADDED ENTRY--TOPICAL TERM | |
| Topical Term | Biography, International - Dictionaries |
| 650 ## - SUBJECT ADDED ENTRY--TOPICAL TERM | |
| Topical Term | International biography |
| 650 ## - SUBJECT ADDED ENTRY--TOPICAL TERM | |
| Topical Term | Celebrities - Biography |
| 700 ## - ADDED ENTRY--PERSONAL NAME | |
| Personal name | Kay, Ernest |
| 942 ## - ADDED ENTRY ELEMENTS (KOHA) | |
| Koha item type | Books |
| Withdrawn status | Lost status | Damaged status | Not for loan | Home library | Current library | Date acquired | Bill Date | Full call number | Accession Number | Price effective from | Koha item type |
|---|---|---|---|---|---|---|---|---|---|---|---|
| NASSDOC Library | NASSDOC Library | 08/06/2004 | 2004-10-22 | RR 920.0203 DIC; | 17732 | 18/04/2019 | Books | ||||
| NASSDOC Library | NASSDOC Library | 08/06/2004 | 2004-10-22 | RR 920.0203 DIC; | 21491 | 18/04/2019 | Books |
